[Event "Reykjavik Taflfelag op"]
[Site "Reykjavik"]
[Date "2018.10.24"]
[Round "2"]
[White "Thorsson, Pall"]
[Black "Thrastarson, Tryggvi K"]
[Result "1-0"]
[WhiteElo "1646"]
[BlackElo "1315"]
[PlyCount "77"]
[EventDate "2018.10.17"]
[EventType "swiss"]
[EventRounds "7"]
[EventCountry "ISL"]
[SourceTitle "CBM 187 Extra"]
[Source "ChessBase"]
[SourceDate "2018.11.04"]
[SourceVersion "1"]
[SourceVersionDate "2018.11.04"]
[SourceQuality "1"]

1. e4 e5 2. Nf3 Nf6 3. Nc3 d6 4. Bc4 Be7 5. d3 0-0 6. Be3 Nc6 7. Qd2 a6 8. a3 Be6 9. Nd5 Rc8 10. 0-0-0 b5 11. Ba2 Nb8 12. Ng5 Qd7 13. Nxf6+ Bxf6 14. Nxe6 fxe6 15. g4 c5 16. Kb1 Kh8 17. g5 Bd8 18. Qe2 g6 19. h4 Rg8 20. h5 gxh5 21. Rxh5 Qe8 22. Rdh1 Rc7 23. Qg4 Rg6 24. Rh6 Rcg7 25. Rxg6 Rxg6 26. Rh6 Qg8 27. Bxe6 Qg7 28. Rh5 Nc6 29. Bf5 Ne7 30. Bxg6 Nxg6 31. Qc8 Qg8 32. Qxa6 b4 33. axb4 cxb4 34. Qxd6 Be7 35. Qd5 Qf8 36. d4 Qe8 37. Qe6 Nf4 38. Bxf4 Qxh5 39. Bxe5+ 1-0

[Event "Reykjavik Taflfelag op"]
[Site "Reykjavik"]
[Date "2017.09.22"]
[Round "8"]
[White "Petursson, Armann"]
[Black "Thrastarson, Tryggvi K"]
[Result "0-1"]
[WhiteElo "1288"]
[BlackElo "1325"]
[PlyCount "90"]
[EventDate "2017.09.06"]
[EventType "swiss"]
[EventRounds "9"]
[EventCountry "ISL"]
[SourceTitle "CBM 180 Extra"]
[Source "ChessBase"]
[SourceDate "2017.10.06"]
[SourceVersion "1"]
[SourceVersionDate "2017.10.06"]
[SourceQuality "1"]

1. c4 e5 2. g3 Nf6 3. Bg2 d6 4. Nc3 c6 5. d4 exd4 6. Qxd4 Be7 7. Nf3 0-0 8. 0-0 Re8 9. Bf4 Nh5 10. Rfe1 Nxf4 11. Qxf4 Be6 12. b3 Bf6 13. Rac1 Re7 14. Ne4 Rd7 15. Nxf6+ Qxf6 16. Qxf6 gxf6 17. Red1 Na6 18. Rd2 Nc7 19. Rcd1 Rad8 20. Rd4 Ne8 21. Nd2 d5 22. cxd5 Bxd5 23. Ne4 Be6 24. Rxd7 Rxd7 25. Rxd7 Bxd7 26. Nc5 Bc8 27. a4 Nd6 28. f4 b6 29. Nd3 c5 30. e4 Kf8 31. e5 fxe5 32. Nxe5 Be6 33. Nc6 a5 34. Ne5 Ke8 35. Bc6+ Kd8 36. Nc4 Nxc4 37. bxc4 Bxc4 38. Be4 h6 39. g4 f6 40. h4 Ke7 41. g5 fxg5 42. fxg5 hxg5 43. hxg5 Bb3 44. g6 Bxa4 45. Bd5 Kf6 0-1

[Event "Reykjavik Taflfelag op"]
[Site "Reykjavik"]
[Date "2017.09.08"]
[Round "2"]
[White "Omarsson, Adam"]
[Black "Thrastarson, Tryggvi K"]
[Result "0-1"]
[WhiteElo "1149"]
[BlackElo "1325"]
[PlyCount "98"]
[EventDate "2017.09.06"]
[EventType "swiss"]
[EventRounds "9"]
[EventCountry "ISL"]
[SourceTitle "CBM 180 Extra"]
[Source "ChessBase"]
[SourceDate "2017.10.06"]
[SourceVersion "1"]
[SourceVersionDate "2017.10.06"]
[SourceQuality "1"]

1. d4 d5 2. c4 c6 3. Nc3 e6 4. Bf4 Bd6 5. Qd2 Bxf4 6. Qxf4 Nf6 7. Nf3 0-0 8. e3 Qb6 9. b3 Qb4 10. Rc1 Ne4 11. Bd3 f5 12. 0-0 Nxc3 13. a3 Qxb3 14. Qh4 Nd7 15. Qe7 Nf6 16. Nd2 Qb6 17. Rxc3 Re8 18. Qd6 Qd8 19. Qc5 Qc7 20. cxd5 exd5 21. Bb5 Bd7 22. Nf3 Ne4 23. Qb4 Nxc3 24. Qxc3 Qd6 25. Ba4 Rec8 26. Ne5 Rc7 27. Qd3 Rf8 28. Bc2 c5 29. Rc1 cxd4 30. exd4 Be6 31. g4 g6 32. Qg3 fxg4 33. Qh4 Bf5 34. Nxg4 Bxg4 35. Qxg4 Rfc8 36. Qe2 Qf4 37. Qe6+ Qf7 38. Qe2 Qf6 39. Qe1 Qg5+ 40. Kh1 Qf6 41. Qd2 Rf8 42. Rf1 Qf3+ 43. Kg1 Rcf7 44. Bd1 Qxa3 45. Qg5 Qd6 46. Kh1 Rxf2 47. Rxf2 Rxf2 48. Qg3 Qxg3 49. hxg3 Rf1+ 0-1